| 000 | 00488nam a22001577a 4500 | ||
|---|---|---|---|
| 008 | 230510b |||||||| |||| 00| 0 eng d | ||
| 040 |
_aNational Science Library _cNational Science Library |
||
| 080 |
_aR 061.23:504(540)(058) _bN7 |
||
| 100 |
_aS, Vandana _98569 |
||
| 245 | _aIndian directory of environmental organisation | ||
| 260 |
_aNew Delhi: _bA.P.H. Publishing Corporation, _c1997 |
||
| 300 | _a362p. | ||
| 650 | _aEnvironmental | ||
| 653 | _aOrganisation | ||
| 942 |
_2udc _cBK |
||
| 999 |
_c28485 _d28485 |
||